| 000 | 01196cam a2200349 a 4500 | ||
|---|---|---|---|
| 999 |
_c28336 _d28307 |
||
| 001 | 1895652 | ||
| 003 | EG-ScBUE | ||
| 005 | 20201128024426.0 | ||
| 008 | 840320t1984 enka f b 001 0 eng d | ||
| 020 | _a9780416314205 | ||
| 020 | _a0416314201 (pbk.) | ||
| 040 |
_aDLC _beng _erda _cDLC _dDLC _dEG-ScBUE |
||
| 043 | _ad------ | ||
| 082 | 0 | 4 |
_a338.90091724 _bGOR _222 |
| 100 | 1 |
_aGore, C. G. _q(Charles G.) _eauthor. _91442 |
|
| 245 | 1 | 0 |
_aRegions in question : _bspace, development theory and regional policy / _cCharles Gore. |
| 264 | 1 |
_aLondon ; _aNew York : _bMethuen, _c[1984] |
|
| 264 | 4 | _cc1984 | |
| 300 |
_axiii, 290 pages : _billustrations ; _c23 cm |
||
| 336 |
_2rdacontent _atext _btxt |
||
| 337 |
_2rdamedia _aunmediated _bn |
||
| 338 |
_2rdacarrier _avolume _bnc |
||
| 504 | _aIncludes bibliographical references and index. | ||
| 650 | 7 |
_aRegional planning _zDeveloping countries. _2BUEsh |
|
| 650 | 7 |
_aRegional planning _zDeveloping countries. _2BUEsh |
|
| 650 | 7 |
_aRural development _zDeveloping countries. _2BUEsh |
|
| 653 |
_bGGEN _cMarch2020 |
||
| 655 |
_vReading book _934232 |
||
| 906 |
_a7 _bcbc _corignew _d1 _eocip _f19 _gy-gencatlg |
||
| 942 |
_2ddc _cBB |
||